Les états de l'eau et le cycle de l'eau - Statistiques

Statistiques générales
  • Ce quiz a été pris 54 fois
  • Le résultat moyen est 11 sur 13
Statistiques - réponses
Question Réponse % Correct
Quand l'eau liquide se transforme en vapeur d'eau, on dit qu'elle... s'évapore.
100%
Dans l'océan, l'eau se trouve sous forme... liquide.
98%
Pour que l'eau liquide se solidifie, elle doit être... très froide.
96%
Que fait l'eau de pluie quand elle touche le sol ? Elle ruisselle et s'infiltre.
94%
Après la pluie l'eau forme des flaques. Le soleil revient et la flaque disparaît petit à petit. Que se passe-t-il ? l'eau s'infiltre et s'évapore.
94%
Pourquoi appelle-t-on cela le "cycle" de l'eau ? Parce que c'est un mouvement qui tourne en boucle et recommence.
94%
Que sont les précipitations ? Les chutes de pluie/neige/grêle.
92%
La majorité de l'eau présente sur terre est sous forme... d'eau salée.
89%
Comment se déclenche l'évaporation ? Par effet du soleil.
87%
Une fois dans le ciel, la vapeur refroidit et forme des nuages. Ce phénomène s'appelle... la condensation.
83%
Je fais chauffer un bloc de glace. Il se transforme en eau. Cette eau sera... de masse égale à la glace.
70%
Les plantes et les arbres rejettent un peu d'eau dans l'air. Ce phénomène s'appelle... la transpiration.
45%
Dans quel état se trouve l'eau dans les nuages ? liquide.
23%
Aucun quiz correspondant
Distribution des résultats
% des personnes avec chaque résultat
Percentile par nombre de réponses
Votre historique - résultats
Vous n’avez pas pris ce quiz